NBA/ABA Top 250 Rebounds Leaders - Statistics

General Stats
  • This quiz has been taken 9 times
  • The average score is 125 of 250
Answer Stats
Rank Player Total Rebounds % Correct
57 A.C. Green 9473
100%
123 Alonzo Mourning 7137
100%
78 Anthony Davis 8637
100%
145 Antonio Davis 6755
100%
44 Bill Laimbeer 10400
100%
2 Bill Russell 21620
100%
199 Blake Griffin 6109
100%
188 Brad Miller 6199
100%
238 Brian Grant 5622
100%
17 Buck Williams 13017
100%
184 Clifford Robinson 6306
100%
80 Dale Davis 8605
100%
40 David Robinson 10497
100%
164 David West 6590
100%
36 DeAndre Jordan 10810
100%
24 Dennis Rodman 11954
100%
128 Domantas Sabonis 7096
100%
181 Draymond Green 6353
100%
11 Dwight Howard 14627
100%
29 Elgin Baylor 11463
100%
245 George Gervin 5602
100%
215 George Johnson 5887
100%
71 Giannis Antetokounmpo 8831
100%
104 Gus Johnson 7624
100%
15 Hakeem Olajuwon 13748
100%
170 Herb Williams 6509
100%
58 Horace Grant 9443
100%
209 Hot Rod Williams 5998
100%
147 James Harden 6710
100%
93 John Havlicek 8007
100%
64 Johnny Green 9083
100%
111 Juwan Howard 7428
100%
8 Karl Malone 14968
100%
88 Kevin Durant 8109
100%
10 Kevin Garnett 14662
100%
151 LaSalle Thompson 6689
100%
25 LeBron James 11943
100%
166 Magic Johnson 6559
100%
154 Michael Jordan 6672
100%
173 Mickey Johnson 6465
100%
3 Moses Malone 17834
100%
134 Mychal Thompson 6951
100%
76 Nikola Jokić 8647
100%
194 Red Robbins 6155
100%
66 Russell Westbrook 8976
100%
16 Shaquille O'Neal 13099
100%
7 Tim Duncan 15091
100%
174 Tristan Thompson 6428
100%
118 Truck Robinson 7267
100%
14 Wes Unseld 13769
100%
1 Wilt Chamberlain 23924
100%
167 Alex English 6538
80%
159 Amar'e Stoudemire 6632
80%
30 Andre Drummond 11351
80%
41 Ben Wallace 10482
80%
19 Bob Pettit 12849
80%
96 Carmelo Anthony 7808
80%
20 Charles Barkley 12546
80%
105 Chris Bosh 7592
80%
153 Clyde Drexler 6677
80%
21 Dikembe Mutombo 12359
80%
122 Dominique Wilkins 7169
80%
119 Jermaine O'Neal 7261
80%
204 Joakim Noah 6058
80%
4 Kareem Abdul-Jabbar 17440
80%
98 Karl-Anthony Towns 7761
80%
52 Kevin Love 9669
80%
124 Kevin McHale 7122
80%
163 Marc Gasol 6604
80%
136 Mark Eaton 6939
80%
38 Nikola Vučević 10635
80%
97 Oscar Robertson 7804
80%
27 Patrick Ewing 11607
80%
31 Pau Gasol 11305
80%
107 Paul Pierce 7527
80%
112 Rasheed Wallace 7404
80%
142 Rick Barry 6863
80%
9 Robert Parish 14715
80%
46 Rudy Gobert 10319
80%
109 Scottie Pippen 7494
80%
70 Shawn Kemp 8834
80%
75 Spencer Haywood 8675
80%
148 Tom Chambers 6703
80%
42 Tyson Chandler 10467
80%
225 Udonis Haslem 5791
80%
162 Vince Carter 6606
80%
81 Willis Reed 8414
80%
47 Zach Randolph 10208
80%
63 Al Horford 9118
60%
137 Alvan Adams 6937
60%
200 Bill Cartwright 6106
60%
229 Bobby Jones 5739
60%
50 Bob Lanier 9698
60%
141 Brook Lopez 6877
60%
37 Caldwell Jones 10685
60%
206 Chris Paul 6006
60%
87 Chris Webber 8124
60%
121 Clint Capela 7203
60%
234 Danny Schayes 5671
60%
155 DeMarcus Cousins 6664
60%
28 Dirk Nowitzki 11489
60%
32 Dolph Schayes 11256
60%
213 Elmore Smith 5962
60%
65 Elton Brand 9040
60%
6 Elvin Hayes 16279
60%
192 Grant Hill 6169
60%
207 James Edwards 6004
60%
239 Jarrett Allen 5619
60%
165 Joe Smith 6575
60%
157 Josh Smith 6653
60%
39 Julius Erving 10525
60%
129 Kobe Bryant 7047
60%
114 Kurt Thomas 7328
60%
72 LaMarcus Aldridge 8736
60%
67 Larry Bird 8974
60%
86 Larry Smith 8125
60%
220 Paul George 5823
60%
82 P.J. Brown 8409
60%
101 Sam Perkins 7666
60%
169 Serge Ibaka 6513
60%
179 Steven Adams 6391
60%
161 Thaddeus Young 6614
60%
143 Tyrone Hill 6854
60%
250 Wil Jones 5560
60%
99 Al Jefferson 7690
40%
198 Andrew Bogut 6112
40%
117 Anthony Mason 7279
40%
139 Antoine Walker 6891
40%
94 Billy Cunningham 7981
40%
125 Bob Boozer 7119
40%
90 Bob McAdoo 8048
40%
84 Carlos Boozer 8192
40%
23 Charles Oakley 12205
40%
116 Chet Walker 7314
40%
247 Chris Kaman 5582
40%
43 Dave Cowens 10444
40%
120 Derrick Coleman 7232
40%
195 Grant Long 6154
40%
35 Jack Sikma 10816
40%
73 Jason Kidd 8725
40%
18 Jerry Lucas 12942
40%
158 Jim Washington 6637
40%
Jonas Valančiūnas 8959
40%
237 Jusuf Nurkić 5644
40%
26 Kevin Willis 11901
40%
74 Leroy Ellis 8709
40%
177 Marcin Gortat 6407
40%
61 Maurice Lucas 9306
40%
12 Nate Thurmond 14464
40%
219 Nenê 5828
40%
45 Otis Thorpe 10370
40%
100 Paul Millsap 7673
40%
132 Rick Mahorn 6957
40%
189 Rudy Tomjanovich 6198
40%
48 Shawn Marion 10101
40%
193 Tobias Harris 6166
40%
146 Tree Rollins 6750
40%
60 Vlade Divac 9326
40%
190 Zydrunas Ilgauskas 6191
40%
205 Andre Iguodala 6047
20%
5 Artis Gilmore 16330
20%
203 Benoit Benjamin 6063
20%
34 Bill Bridges 11054
20%
231 Bob Dandridge 5715
20%
223 Christian Laettner 5806
20%
103 Clyde Lee 7626
20%
33 Dan Issel 11133
20%
54 Dave DeBusschere 9618
20%
115 David Lee 7320
20%
130 Detlef Schrempf 7023
20%
197 Elden Campbell 6116
20%
212 Emeka Okafor 5967
20%
221 Enes Freedom 5822
20%
131 Erick Dampier 7005
20%
216 Gar Heard 5876
20%
92 Happy Hairston 8019
20%
175 Jim Chones 6427
20%
140 Julius Randle 6887
20%
89 Lamar Odom 8059
20%
149 Larry Kenon 6701
20%
113 Larry Nance 7352
20%
56 Marcus Camby 9513
20%
222 Mason Plumlee 5807
20%
55 Mel Daniels 9528
20%
172 Mike Gminski 6480
20%
218 Neil Johnston 5856
20%
243 Nicolas Batum 5611
20%
127 Olden Polynice 7110
20%
249 Otto Moore 5575
20%
196 Paul Arizin 6129
20%
22 Paul Silas 12357
20%
95 Ray Scott 7979
20%
226 Reggie Evans 5765
20%
176 Rony Seikaly 6424
20%
185 Rudy Gay 6283
20%
230 Taj Gibson 5727
20%
79 Terry Cummings 8630
20%
227 Tom Heinsohn 5749
20%
150 Tom Meschery 6698
20%
232 Troy Murphy 5708
20%
214 Vern Mikkelsen 5940
20%
217 Vin Baker 5867
20%
13 Walt Bellamy 14241
20%
202 Wayne Cooper 6095
20%
210 Alton Lister 5996
0%
85 Antawn Jamison 8157
0%
102 Antonio McDyess 7638
0%
178 Armen Gilliam 6401
0%
59 Bailey Howell 9383
0%
68 Billy Paultz 8959
0%
144 Clarence Weatherspoon 6846
0%
133 Clifford Ray 6953
0%
156 Clyde Lovellette 6663
0%
108 Dan Roundfield 7502
0%
201 Darrall Imhoff 6099
0%
168 Dave Greenwood 6537
0%
191 Dave Robisch 6173
0%
244 Derrick Favors 5608
0%
180 Donyell Marshall 6376
0%
240 Drew Gooden 5618
0%
62 George McGinnis 9233
0%
Gerald Govan 7119
0%
235 Hal Greer 5665
0%
152 Harry Gallatin 6684
0%
110 James Donaldson 7492
0%
182 Jerome Kersey 6339
0%
242 Jerry Sloan 5615
0%
248 Jim Eakins 5578
0%
208 Joe Graboski 5999
0%
91 Larry Foust 8041
0%
77 Michael Cage 8646
0%
236 Ray Felix 5654
0%
49 Red Kerr 10092
0%
233 Rich Kelley 5678
0%
138 Rudy LaRusso 6936
0%
51 Sam Lacey 9687
0%
135 Samuel Dalembert 6942
0%
186 Shareef Abdur-Rahim 6239
0%
160 Sidney Wicks 6620
0%
83 Swen Nater 8340
0%
228 Tom Boerwinkle 5745
0%
241 Tom Gola 5617
0%
246 Tom Gugliotta 5589
0%
211 Tom Owens 5985
0%
224 Tom Sanders 5798
0%
187 Walter Dukes 6223
0%
106 Wayne Embry 7544
0%
171 Willie Naulls 6508
0%
183 Zaza Pachulia 6315
0%
53 Zelmo Beaty 9665
0%
No matching quizzes found
Score Distribution
Percent of People with Each Score
Percentile by Number Answered
Your Score History
You have not taken this quiz